La carte géologique de la Catalogne / (Record no. 62081)

MARC details
000 -LEADER
campo de control de longitud fija 00778nam a2200205 i 4500
001 - NÚMERO DE CONTROL
campo de control 62081
003 - IDENTIFICADOR DE NÚMERO DE CONTROL
campo de control ES-MaACL
005 - FECHA Y HORA DE LA ÚLTIMA TRANSACCIÓN
campo de control 20251105063132.0
007 - CAMPO FIJO DE DESCRIPCIÓN FÍSICA--INFORMACIÓN GENERAL
campo de control de longitud fija t|
008 - DATOS DE LONGITUD FIJA--INFORMACIÓN GENERAL
campo de control de longitud fija 031117s1926 fr ||||1| fre d
100 1# - ENTRADA PRINCIPAL--NOMBRE DE PERSONA
Nombre de persona Faura i Sans, M.,
Fechas asociadas al nombre 1883-1941
9 (RLIN) 48954
245 13 - MENCIÓN DEL TÍTULO
Título La carte géologique de la Catalogne /
Mención de responsabilidad, etc. Mariano Faura y Sans.
260 ## - PUBLICACIÓN, DISTRIBUCIÓN, ETC.
Lugar de publicación, distribución, etc. Liege :
Nombre del editor, distribuidor, etc. [s.n.,
Fecha de publicación, distribución, etc. 1926] (
Fabricante Imp. Vaillant-Carmanne)
300 ## - DESCRIPCIÓN FÍSICA
Extensión 4 h. :
Otras características físicas plan. ;
Dimensiones 27 cm.
500 ## - NOTA GENERAL
Nota general Es tirada aparte del Compte Rendu du XIIIe Congrès géologique international 1922, págs. 1533-1538.
500 ## - NOTA GENERAL
Nota general Precede al tit.: Congrès Gölogique International.
711 2# - ENTRADA AGREGADA--NOMBRE DE REUNIÓN
Nombre de congreso/reunión o jurisdicción como elemento de entrada Congrès Géologique International (
Número del congreso/reunión o número de parte o sección 13.
Fecha del congreso o de la firma del tratado 1922.
Sede del congreso/Lugar de la reunión Bruxelles)
9 (RLIN) 237
852 ## - LOCALIZACIÓN
Ubicación ES-MaACL
Número de control de estantería 1709-F-15
Holdings
Estatus retirado Estado de pérdida Estado de daño No para préstamo Colección Biblioteca de origen Biblioteca actual Ubicación en estantería Fecha de adquisición Fuente de adquisición Total de préstamos Signatura topográfica completa Código de barras Visto por última vez Precio de reemplazo Tipo de ítem Koha
        Colección de folletos Biblioteca del Ateneo de Madrid Biblioteca del Ateneo de Madrid Depósito folletos 17/01/2008     1709-F-15 1065087 23/02/2023 23/02/2023 Folleto